000 00673nam a2200241Ia 4500
003 OSt
005 20221007071831.0
006 a|||||r|||| 00| 0
007 ta
008 221006b |||||||| |||| 00| 0 eng d
020 _a9041110534
024 _a8,987
037 _cTextual
040 _aFLL
_cFLL
_beng
041 _2eng
_aeng
082 _aX72.1:D65,8(B), N9
100 _aDoernberg R.L.
_9689514
245 0 _aElectronic commerce and international taxation
260 _aLondon
_bKluwer Law International India
_c1999
300 _axv,380p
_ccm.
942 _hX72.1:D65,8(B), N9
_cTEXL
_2CC
999 _c1144440
_d1144440